00963nam a22002057a 450000500170000000800410001702000180005804000070007604100080008308200200009110000200011124500630013125000130019426000440020730000300025136500680028152003460034965000260069570000360072120230324154355.0230301b ||||| |||| 00| 0 eng d a9781292121710 cAL aeng 223a338.6bLIPI aJohn Lipczynski aIndustrial organizationb:Competition, strategy and policy a5th, ed. aUnited KingdombPearson Educationc2017 axxx,847p.bPBc24.7x19cm. 2GeneralaVBI-1745b₹4776.00c₹d₹6367.36e25%f21-02-2023 aIndustrial Organisation: Competition, Strategy, Policy provides a thorough treatment of the core concepts and theories underlying the economics of industrial organization. In this new fifth edition, the authors use an array of empirical examples and case studies to analyse the structure, behaviour and performance of firms and industries. 2EconomicsaProduction aWilson, John O S; Goddard, John